LEADER 02771njm a2200625 a 4500
001 000927492
003 CZ BrMZK
005 20190301124218.0
007 sd fsngnnmmned
008 090120s2008 xr mun g f cze d
024 3 |a 8590236000230 
028 3 1 |a CRP0021-2  |b Český rozhlas 
040 |a BOA001  |b cze 
047 |a df  |a wz  |a fm 
048 |a of01  |b vu 
072 7 |a 784  |x Vokální hudba  |2 Konspekt  |9 9 
080 |a 784.9.085.2  |2 MRF 
080 |a 784.4  |2 MRF 
080 |a (086.76)  |2 MRF 
080 |a 788.1.083  |2 MRF 
080 |a 788.1.083.4  |2 MRF 
110 2 |a Rozhlasová Plzeňačka (hudební skupina)  |7 pna2009478977 
245 1 0 |a Právě začínáme  |h [zvukový záznam] 
260 |a Plzeň :  |b Český rozhlas ,  |c 2008 
300 |a 1 zvuková deska (68:06) :  |b digital ;  |c 12 cm 
306 |a 010806 
500 |a Vydáno ve spolupráci s Radioservisem 
500 |a Kompaktní deska 
505 0 0 |t Právě začínáme --  |t Šumavský valčík --  |t Dvě lásky --  |t Chodské vesničky --  |t Trumpetová selanka --  |t Šumavská kapela --  |t Dívky od Domažlic --  |t Na Spilce --  |t Vzpomínka na tatínka --  |t Na myslivně --  |t Nad Úhlavou --  |t Od Čerchova --  |t Za pecí --  |t Milujem dál --  |t Jodler Serenade --  |t Na pavlači --  |t Štěnovický valčík --  |t Starým přátelům --  |t Doma je doma --  |t Jarča 
511 0 |a Malá dechovka Rozhlasová Plzeňačka, dirigent Antonín Bulka 
518 |a Nahráno v Českém rozhlasu Plzeň, leden-červenec 2008 
650 0 7 |a polky (zpěv, dechový orchestr)  |7 ph321605  |2 czenas 
650 0 7 |a valčíky (zpěv, dechový orchestr)  |7 ph321673  |2 czenas 
650 0 7 |a lidové písně  |7 ph122317  |2 czenas 
650 0 4 |a drobné skladby (trubka (2)) 
650 0 4 |a serenády (trubka, trombon) 
655 7 |a kompaktní desky  |7 fd201991  |2 czenas 
700 1 |a Bulka, Antonín,  |d 1944-  |7 xx0003785  |4 cmp  |4 cnd 
700 1 |a Kratochvíl, František,  |c textař  |4 lyr 
700 1 |a Kohout, Jaroslav,  |d 1935-  |7 mzk2014820185  |4 cmp 
700 1 |a Kráčmerová, Zdena  |4 lyr 
700 1 |a Thums, Josef,  |d 1933-  |7 mzk2007382151  |4 cmp 
700 1 |a Ložek, Pavel  |4 lyr 
700 1 |a Matějus, Jiří  |7 jx20091012021  |4 cmp 
700 1 |a Čepelka, Miloň,  |d 1936-  |7 jk01021264  |4 lyr 
700 1 |a Sak, Tomáš,  |d 1928-2016  |7 mzk2003167690  |4 cmp 
700 1 |a Blaštík, Jan,  |d 1927-  |7 mzk2007411310  |4 lyr 
700 1 |a Radešínský, Svatopluk,  |d 1927-2002  |7 jk01101886  |4 lyr 
700 1 |a Homolková, Olga,  |d 1956-2015  |7 jx20050919011  |4 lyr 
700 1 |a Ostrezí, Stanislav,  |d 1923-2001  |7 jk01091307  |4 lyr 
700 1 |a Krpejšová, Hilda,  |d 1934-1999  |7 mzk2005286482  |4 lyr 
910 |a BOA001  |b CD-0015.018 
990 |a AV 
991 |b 200901 
996 6 |b 261H016679  |c CD-0015.018  |l MZK  |r Sklad / do 24 hodin  |n 0  |w 000927492  |u 000010  |a 1  |e BOA001  |j MZK50  |s P